| 000 | 01474cam a2200421 a 4500 | ||
|---|---|---|---|
| 001 | 2506731 | ||
| 003 | OSt | ||
| 005 | 20210420053414.0 | ||
| 008 | 920828s1993 mdua b 001 0 eng c | ||
| 010 | _a 92049341 | ||
| 020 | _a0801845327 | ||
| 040 |
_aDNLM/DLC _cDLC _dDLC |
||
| 043 | _ad------ | ||
| 050 | 0 | 0 |
_aRA971.3 _b.B37 1993 |
| 060 | _aWX 157 B263p | ||
| 080 |
_a614 _bB-25 |
||
| 082 | 0 | 0 |
_a338.4/336211/091724 _220 |
| 100 | 1 | _aBarnum, Howard. | |
| 245 | 1 | 0 |
_aPublic hospitals in developing countries : _bresource use, cost, financing / _cHoward Barnum and Joseph Kutzin. |
| 260 |
_aBaltimore, _bJohns Hopkins University Press, _c1993. |
||
| 300 |
_aix, 335 p. : _bill. ; _c25 cm. |
||
| 500 | _a"A World Bank book." | ||
| 500 | _a"Published for the World Bank." | ||
| 504 | _aIncludes bibliographical references (p. 311-325) and index. | ||
| 650 | 0 |
_aHospitals _zDeveloping countries _xFinance. |
|
| 650 | 0 |
_aHospitals _zDeveloping countries _xCost control. |
|
| 650 | 2 | _aDeveloping Countries. | |
| 650 | 2 | _aFinancial Management, Hospital. | |
| 650 | 2 |
_aHospitals, Public _xeconomics. |
|
| 650 | 2 |
_aHospitals, Public _xutilization. |
|
| 653 | _aმედიცინა | ||
| 653 | _aსაზოგადოებრივი ჯანდაცვა | ||
| 700 | 1 | _aKutzin, Joseph. | |
| 710 | 2 | _aWorld Bank. | |
| 906 |
_a7 _bcbc _corignew _d1 _eocip _f19 _gy-gencatlg |
||
| 942 |
_2udc _cBK |
||
| 999 |
_c437 _d437 |
||